Normal view MARC view

Entry Personal Name

Number of records used in: 1

001 - CONTROL NUMBER

  • control field: 12113

003 - CONTROL NUMBER IDENTIFIER

  • control field: OSt

005 - DATE AND TIME OF LATEST TRANSACTION

  • control field: 20170421151137.0

008 - FIXED-LENGTH DATA ELEMENTS

  • fixed length control field: 170421|| aca||aabn | a|a d

040 ## - CATALOGING SOURCE

  • Original cataloging agency: OSt
  • Transcribing agency: OSt

100 ## - HEADING--PERSONAL NAME

  • Personal name: http://koha.must.ac.ug:8080/cgi-bin/koha/cataloguing/addbiblio.pl?frameworkcode=BKS#tab2XX

670 ## - SOURCE DATA FOUND

  • Source citation: Work cat.: (OSt): Dipiro,Joseph T. Talbert,Robert L. Yee ,Gary C. 12112, Pharmacotherapy:Apathophysiologic Approach